000 00487nam a2200193Ia 4500
005 20250326142756.0
008 250326s9999 xx 000 0 und d
037 _aTextbook
040 _aFMSL
_beng
_cFMSL
041 _aeng
_2eng
084 _qFMSL
100 _aKhurana S R
245 0 _aFera and direct taxes
_cKhurana S R
260 _aDelhi
_bDelhi, Research & Statics Bureale
_c1984
300 _aSavered
490 _vVol.I
942 _cTB
999 _c1296579
_d1296579